000 00603nam a22001577a 4500
003 OSt
005 20150923143555.0
008 150923b xxu||||| |||| 00| 0 eng d
040 _cRUA
082 _aAGR PUT 2007 B034 Or.1
100 _91190
_aPUT, BUNNA.
245 _aRainy season rice production in royal universty of agriculture, ផលិតកម្មស្រូវលក្ខខណ្ឌរដូវវស្សានៅសាកលវិទ្យាល័យផូមិន្ទកសិកម្ម
260 _aPhnom Penh
_bRUA
_c2007
300 _axv, 44p.
_bill.
_c29cm.
942 _2ddc
_cAGR
999 _c1133
_d1133